Catálogo
 En Linea

The life of Christopher Columbus / (Registro nro. 33188)

Detalles MARC
000 -CABECERA
campo de control de longitud fija 00526nam a2200169 a 4500
001 - NÚMERO DE CONTROL
campo de control 000033697
005 - FECHA Y HORA DE LA ÚLTIMA TRANSACCIÓN
campo de control 20200930070441.0
008 - DATOS DE LONGITUD FIJA--INFORMACIÓN GENERAL
campo de control de longitud fija 110906s1890 dr 000 0 spa d
040 ## - FUENTE DE LA CATALOGACIÓN
Centro catalogador/agencia de origen DO-SdBNP
-- spa
Centro/agencia transcriptor BNPHU
041 17 - CÓDIGO DE LENGUA
Código de lengua del texto/banda sonora o título independiente eng
049 ## - FONDOS LOCALES (OCLC)
Fondos de biblioteca BNPD
100 1# - ENTRADA PRINCIPAL--NOMBRE DE PERSONA
Nombre de persona Tarducci, Francesco
Fechas asociadas al nombre 1842
9 (RLIN) 59149
245 10 - MENCIÓN DE TÍTULO
Título The life of Christopher Columbus /
Mención de responsabilidad, etc. by Francesco Tarducci ; translated from the italian by Henry F. Brownson.
260 ## - PUBLICACIÓN, DISTRIBUCIÓN, ETC.
Lugar de publicación, distribución, etc. Detroit:
-- Brownson,
Fecha de publicación, distribución, etc. 1890.
300 ## - DESCRIPCIÓN FÍSICA
Extensión v. ;
Dimensiones 24 cm.
700 1# - PUNTO DE ACCESO ADICIONAL--NOMBRE DE PERSONA
Nombre de persona Brownson, Henry F.
9 (RLIN) 59150
Existencias
Estado de retiro Estado de pérdida Restricciones de uso No para préstamo Código de colección Localización permanente Ubicación/localización actual Ubicación en estantería Fecha de adquisición Número de inventario Total de préstamos Signatura topográfica completa Código de barras Fecha visto por última vez Precio válido a partir de Tipo de ítem Koha
      Excluido de préstamo Raros y valiosos Patrimonio Dominicano Patrimonio Dominicano En catalogación 06.09.2011 LF1   v. 2 33697-10 25.06.2020 25.06.2020 No se presta
      Excluido de préstamo Raros y valiosos Patrimonio Dominicano Patrimonio Dominicano En catalogación 06.09.2011 LF1   v. 1 33697-20 25.06.2020 25.06.2020 No se presta

Con tecnología Koha